Central Library OPAC University of Rajshahi

Characterizations of Some k-Derivations and k-Homomrphisms of Certain Gamma Rings / (Record no. 83468)

MARC details
000 -LEADER
fixed length control field 00900nam a2200241 a 4500
001 - CONTROL NUMBER
RUCL Control Number 83468
003 - CONTROL NUMBER IDENTIFIER
rucl marc code BD-RjUL
005 - DATE AND TIME OF LATEST TRANSACTION
control field 20240325113848.0
008 - FIXED-LENGTH DATA ELEMENTS--GENERAL INFORMATION
fixed length control field 240325s2009 bg a|||| m||| 00| 0 eng d
035 ## - SYSTEM CONTROL NUMBER
system control number (BD-RjUL)83468
040 ## - CATALOGING SOURCE
Original cataloging agency BD-RjUL
Language of cataloging eng
Transcribing agency BD-RjUL
Modifying agency BD-RjUL
041 ## - LANGUAGE CODE
Language code of Book eng
082 ## - DEWEY DECIMAL CLASSIFICATION NUMBER
DDC Edition number 23
Classification number 512.4
Author mark and Year CHC 2009
100 ## - MAIN ENTRY--PERSONAL NAME
Personal name Chakraborty, Sujoy
9 (RLIN) 12520
245 10 - TITLE STATEMENT
Title Characterizations of Some k-Derivations and k-Homomrphisms of Certain Gamma Rings /
Statement of responsibility, etc By Sujoy Chakraborty ;
Name of Supervisor/Co-Supervisor Supervisor : Akhil Chandra Paul
260 ## - PUBLICATION, DISTRIBUTION, ETC. (IMPRINT)
Place of publication, distribution, etc Rajshahi :
Name of publisher, distributor, etc Department of Mathematics, University of Rajshahi,
Date of publication, distribution, etc 2009
300 ## - PHYSICAL DESCRIPTION
Pagination xii, 148 Leaves :
Other physical details ill, ;
Dimensions 29 cm.
502 ## - DISSERTATION NOTE
Dissertation note Thesis (Ph. D.) -- Department of Mathematics, University of Rajshahi, 2009
504 ## - BIBLIOGRAPHY, ETC. NOTE
Bibliography, etc Bibliography : Leaves [147]-148
650 ## - SUBJECT ADDED ENTRY--TOPICAL TERM
Topical term or geographic name as entry element Algebra
Form subdivision Rings
9 (RLIN) 12516
700 ## - ADDED ENTRY--SUPERVISOR/CO-SUPERVISOR NAME
Personal name Paul, Akhil Chandra, Supervisor
9 (RLIN) 5084
942 ## - ADDED ENTRY ELEMENTS (KOHA)
Source of classification or shelving scheme Dewey Decimal Classification
Koha item type Theses
Holdings
Source of classification or shelving scheme Damaged status Not for loan Collection code Permanent Location Current Location Shelving location Date of accession Source of acquisition Total Checkouts Full call number Barcode Date last seen Copy number Thesis
Dewey Decimal Classification   Not For Loan Theses Central Library, University of Rajshahi Central Library, University of Rajshahi Documentation Section 25/05/2011 Controller of Exam. R. U.   THE 512.4 CHC 2009 D3199 25/03/2024 C-I Theses